[Event "Algimantas Cesnauskas Mem"]
[Site "Panevezys LAT"]
[Date "2009.04.23"]
[Round "5"]
[White "Akesson,R"]
[Black "Starostits,I"]
[Result "1/2-1/2"]
[WhiteElo "2493"]
[BlackElo "2464"]

1.d4 d5 2.c4 dxc4 3.Nf3 c6 4.e3 Be6 5.a4 Nf6 6.Nc3 g6 7.Ng5 Bd5 8.e4 h6 9.exd5 hxg5
10.dxc6 Nxc6 11.Bxg5 Qxd4 12.Qxd4 Nxd4 13.O-O-O O-O-O 14.Bxc4 Ng4 15.Rd2 f6
16.Nb5 fxg5 17.Nxd4 Bg7 18.Be6+ Kb8 19.Rhd1 Rxd4 20.Rxd4 Bxd4 21.Rxd4 Nxf2
22.h3 Rh4 23.Rd8+ Kc7 24.Rd7+ Kc6 25.Rd2 Ne4 26.Rc2+ Nc5 27.Bg4 a5 28.Re2 Kd6
29.Kc2 Rh8 30.Rd2+ Ke5 31.Re2+ Kd6 32.Rd2+ Ke5 33.Re2+  1/2-1/2

[Event "2nd Mayors Cup"]
[Site "Mumbai IND"]
[Date "2009.05.02"]
[Round "2"]
[White "Fominyh,A"]
[Black "Dahale,A"]
[Result "1/2-1/2"]
[WhiteElo "2485"]
[BlackElo "2116"]

1.d4 d5 2.Nf3 Nf6 3.c4 c6 4.Qb3 dxc4 5.Qxc4 Bg4 6.Nbd2 e6 7.g3 Nbd7 8.Bg2 Be7
9.O-O O-O 10.Qb3 Qb6 11.Nc4 Qxb3 12.axb3 c5 13.Na5 cxd4 14.Nxd4 e5 15.h3 Bxh3
16.Bxh3 exd4 17.Nxb7 Rab8 18.Bg2 Nc5 19.Bf4 Nxb3 20.Rxa7 Rbc8 21.Rd1 Rc2
22.Nd6 Bxd6 23.Bxd6 Re8 24.Bf3 Nc1 25.Re7 Nxe2+ 26.Kf1 Rd8 27.Bc7 Rc8 28.Be5 Nc1
29.Bxd4 Nb3 30.Bc3 Rc1 31.Rxc1 Nxc1 32.Ra7 Nb3 33.Ke2 Nc5 34.Ra8 Rxa8 35.Bxa8 Na4
36.Bd4 Nd7 37.Bc6 Nab6 38.Kd3 Kf8 39.Kc3 g6 40.Kb4 Ke7 41.Kb5 Nc8 42.Bg2 Kd6
43.Be3 f6 44.Bd2 Ne5 45.Bb4+ Kc7 46.Ba5+ Kd6 47.f4 Nd3 48.Bc3 f5 49.Kc4 Nf2
50.Be5+ Kd7 51.b4 Nd6+ 52.Kd5 Nfe4 53.g4 h5 54.g5 h4 55.Bf1 Nc8 56.b5 Nb6+
57.Kd4 Nf2 58.Kc5 Nc8 59.Bd4 Ne4+ 60.Kd5 Ne7+ 61.Ke5 Nd2 62.Bg2 h3 63.Bh1 Nf1
64.Bf2 Nd2 65.Bc5 Ne4 66.Bg1 Ng3 67.Bf3 Nf1 68.b6 h2 69.Bf2 Nd2 70.Bh1 Ne4
71.Be1 Nc6+ 72.Kd5 Ne7+ 73.Ke5 Nc6+ 74.Kd5 Ne7+ 75.Ke5 Nc6+ 76.Kd5 Ne7+ 77.Ke5 Nc6+  1/2-1/2

[Event "IV Tch-ESP Selecciones Autonomicas"]
[Site "Villava ESP"]
[Date "2009.05.02"]
[Round "4"]
[White "Martinez Ayesa,A"]
[Black "Perez Lopez,JM"]
[Result "0-1"]
[WhiteElo "1808"]
[BlackElo "2263"]

1.d4 d5 2.c4 c6 3.Nf3 Nf6 4.g3 Bg4 5.Bg2 e6 6.O-O Nbd7 7.Nc3 Be7 8.Qc2 O-O
9.e4 dxc4 10.Be3 b5 11.a3 a6 12.Nd2 Bh5 13.h3 Bg6 14.f4 h6 15.Qd1 Rc8 16.e5 Nd5
17.Nxd5 cxd5 18.g4 Bd3 19.Re1 Bh4 20.Bf2 Bxf2+ 21.Kxf2 Qh4+ 22.Kg1 Qg3 23.Qf3 Qxf3
24.Bxf3 Nb6 25.Rac1 a5 26.Be2 Bh7 27.Nb1 b4 28.Bf1 Rc6 29.Re3 Rfc8 30.Kf2 Na4
31.b3 Bxb1 32.Rxb1 Nc3  0-1

[Event "Moscow Region Spring GM"]
[Site "Serpukhov RUS"]
[Date "2009.05.07"]
[Round "13"]
[White "Belous,V"]
[Black "Kupreichik,V"]
[Result "1/2-1/2"]
[WhiteElo "2414"]
[BlackElo "2453"]

1.d4 d5 2.c4 c6 3.Nf3 dxc4 4.e3 Be6 5.Nc3 b5 6.a4 b4 7.Na2 a5 8.Ng5 Bc8 9.Bxc4 e6
10.Nf3 Nf6 11.O-O Be7 12.Qe2 O-O  1/2-1/2

[Event "Copenhagen Chess Challenge"]
[Site "Ballerup DEN"]
[Date "2009.05.08"]
[Round "5"]
[White "Gandrud,V"]
[Black "Pedersen,NicK"]
[Result "1-0"]
[WhiteElo "2124"]
[BlackElo "1971"]

1.d4 d5 2.c4 c6 3.Nf3 Nf6 4.Qc2 g6 5.g3 Bg7 6.Bg2 O-O 7.O-O Nbd7 8.Nbd2 Re8
9.b3 e5 10.dxe5 Nxe5 11.Bb2 Nxf3+ 12.Bxf3 Be6 13.Rad1 Qc7 14.Bxf6 Bxf6 15.cxd5 Bf5
16.Qc4 Qa5 17.b4 Qb6 18.dxc6 bxc6 19.Ne4 Bxe4 20.Bxe4 Rac8 21.Rd6 Be7 22.Rxc6 Rxc6
23.Bxc6 Rd8 24.b5 Rd4 25.Qb3 Rd2 26.e3 Bf6 27.Qc4 Kg7 28.a4 Qc7 29.Rb1 Qe5
30.Qb4 Qf5 31.Qxd2 Qxb1+ 32.Kg2 Qf5 33.Qa5 Qc5 34.Qc7 Be5 35.Qd7 Bd6 36.a5 Be5
37.Bd5 Qc7 38.Qe8 Bd6 39.b6 axb6 40.axb6 Qxb6 41.Qxf7+ Kh6 42.e4 Qc7 43.Qf6 Qe7
44.Qd4 Qe5 45.Qd2+ g5 46.h4 Kg6 47.hxg5 Qxg5 48.Bf7+ Kf6 49.Qxd6+ Kxf7 50.Qd5+  1-0

[Event "TCh-ISR 2008-9"]
[Site "Israel ISR"]
[Date "2009.05.08"]
[Round "7"]
[White "Botvinnik,M ISR"]
[Black "Kundin,A"]
[Result "1-0"]
[WhiteElo "2331"]
[BlackElo "2368"]

1.d4 d5 2.Nf3 c6 3.c4 Nf6 4.Qc2 g6 5.Bf4 Na6 6.e3 Bf5 7.Qb3 Qb6 8.Nc3 Nb4
9.c5 Nd3+ 10.Bxd3 Qxb3 11.axb3 Bxd3 12.Ne5 Bf5 13.b4 Nd7 14.b5 Nxe5 15.Bxe5 f6
16.Bg3 e5 17.b4 exd4 18.exd4 Bh6 19.b6 a6 20.b5 cxb5 21.Nxb5 O-O 22.Nd6 Bd3
23.Kd1 f5 24.Be5 Rfb8 25.Ra3 Bb1 26.Rb3 Ba2 27.Rb2 Bc4 28.Nxc4 dxc4 29.Bxb8 Rxb8
30.Kc2 Rd8 31.Kc3 Bg7 32.Rd1 Kf7 33.Re2 Rd7  1-0

[Event "TCh-NED 2008-9"]
[Site "Netherlands NED"]
[Date "2009.05.10"]
[Round "9"]
[White "Wantola,I"]
[Black "Danielian,E"]
[Result "1-0"]
[WhiteElo "2277"]
[BlackElo "2495"]

1.Nf3 d5 2.d4 c6 3.c4 dxc4 4.a4 Bg4 5.e3 e6 6.Bxc4 Nd7 7.h3 Bh5 8.O-O Ngf6
9.Nc3 Be7 10.e4 O-O 11.Be3 Bb4 12.Bg5 Qa5 13.e5 Nd5 14.Nxd5 cxd5 15.Bb5 Nb6
16.g4 Bg6 17.Nd2 Nc8 18.Nb3 Qb6 19.h4 h6 20.Be3 a6 21.Be2 Ne7 22.a5 Qd8 23.Ra4 Nc6
24.g5 Rc8 25.Bd2 Bxd2 26.Qxd2 hxg5 27.hxg5 Bc2 28.Bd1 Bxb3 29.Bxb3 Ne7 30.Kg2 Nf5
31.Rh1 g6 32.Rh3 Kg7 33.Ra1 Qe7 34.Bc2 Rxc2 35.Rah1 Rg8 36.Rh7+ Kf8 37.Qxc2 Qxg5+
38.Kf1 Qg4 39.Qc8+ Ke7 40.Qc7+  1-0

[Event "XXVIII Open"]
[Site "Zalakaros HUN"]
[Date "2009.05.11"]
[Round "4"]
[White "Nguyen Huynh Minh Huy"]
[Black "Csirik,A"]
[Result "1-0"]
[WhiteElo "2484"]
[BlackElo "2302"]

1.d4 d5 2.c4 c6 3.Nf3 Nf6 4.Qc2 dxc4 5.Qxc4 Bf5 6.Nc3 e6 7.g3 Nbd7 8.Bg2 Be7
9.O-O O-O 10.Qb3 Qb6 11.Re1 Ne4 12.Nh4 Bxh4 13.gxh4 Nef6 14.e4 Bg6 15.f3 Qxb3
16.axb3 Nh5 17.Be3 Nb6 18.Ra5 Nc8 19.b4 f6 20.b5 b6 21.Ra3 Be8 22.Bf1 e5
23.bxc6 Bxc6 24.d5 Bd7 25.Bb5 Rf7 26.Bxd7 Rxd7 27.Nb5 Nd6 28.Nxd6 Rxd6 29.Rea1 a5
30.b4 Nf4 31.Bxf4 exf4 32.bxa5 bxa5 33.Rxa5 Rxa5 34.Rxa5 Kf7 35.h5 Rd7 36.Kg2 g5
37.Kh3 f5 38.exf5 Kf6 39.Kg4 Rd6 40.Rc5 Ke5 41.Kxg5 h6+ 42.Kg4 Rd8 43.Rc6 Rg8+
44.Rg6  1-0

[Event "TCh-FIN"]
[Site "Finland FIN"]
[Date "2009.05.15"]
[Round "9"]
[White "Salo,H"]
[Black "Pohjala,H"]
[Result "1-0"]
[WhiteElo "2258"]
[BlackElo "2035"]

1.d4 d5 2.c4 c6 3.Nf3 Nf6 4.Qc2 e6 5.Bg5 Be7 6.e3 Nbd7 7.Nbd2 O-O 8.Bd3 h6
9.Bh4 c5 10.O-O b6 11.Ne5 Bb7 12.Rfd1 cxd4 13.exd4 dxc4 14.Bxc4 a6 15.Ndf3 b5
16.Bb3 Rc8 17.Qe2 Nd5 18.Bg3 N7f6 19.a4 Qb6 20.h3 Rfe8 21.Nh2 Bd6 22.Nhg4 Nxg4
23.Qxg4 Nf6 24.Qe2 Ne4 25.Bf4 Nf6 26.Rd3 Re7 27.Rad1 Be4 28.Rg3 Kf8 29.a5 Qb8
30.Qe3 Bc2 31.Bxc2 Nd5 32.Qe4 f5 33.Ng6+ Ke8 34.Bxd6 Qxd6 35.Qe2 Rec7 36.Bxf5 Kd7
37.Ne5+ Kd8 38.Be4 Rc1 39.Rxc1 Rxc1+ 40.Kh2 Qe7 41.Qh5 Nf6 42.Qf3 Kc7  1-0

[Event "Global Chess"]
[Site "Ulan Bator MGL"]
[Date "2009.05.19"]
[Round "1"]
[White "Ivanov,Tim"]
[Black "Erkhembayar,D"]
[Result "1/2-1/2"]
[WhiteElo "2359"]
[BlackElo "2343"]

1.d4 d5 2.c4 c6 3.Nf3 Nf6 4.Qc2 e6 5.Bg5 h6 6.Bh4 Nbd7 7.e3 Be7 8.Nc3 O-O
9.cxd5 exd5 10.Bd3 Re8 11.O-O Ne4 12.Bxe7 Qxe7 13.Bxe4 dxe4 14.Nd2 Nf6 15.Rab1 b6
16.Qa4 Bd7 17.Qa3 Qxa3 18.bxa3 Rac8 19.Nc4 Re6 20.Rfc1 c5 21.d5 Re7 22.a4 Rf8
23.h3 Bc8 24.Rd1 Ba6 25.d6 Re6 26.Nb5 Rd8 27.a5 bxa5 28.a4 Kf8 29.Rb2 Ne8
30.Rd5 Bxb5 31.Rxb5 Nxd6 32.Rbxc5 Nb7 33.Rxd8+ Nxd8 34.Rc8 Ke8 35.Nxa5 Kd7
36.Rc4 f5 37.Rc5 g6 38.Nb3 Nb7 39.Rc1 Rc6 40.Rd1+ Rd6 41.Nd4 Nc5 42.Ra1 Ra6
43.a5 Nb7 44.Nb3 Kc6 45.g4 fxg4 46.hxg4 Kb5 47.Nd4+ Kc4 48.Rc1+ Kd5 49.Nb3 Rc6
50.Rd1+ Kc4 51.Rc1+ Kd5 52.Rd1+ Kc4 53.Rc1+ Kd5 54.Rd1+  1/2-1/2

[Event "Global Chess"]
[Site "Ulan Bator MGL"]
[Date "2009.05.20"]
[Round "3"]
[White "Ivanov,Tim"]
[Black "Khatanbaatar,B"]
[Result "0-1"]
[WhiteElo "2359"]
[BlackElo "2403"]

1.d4 d5 2.c4 c6 3.Nf3 Nf6 4.Qb3 dxc4 5.Qxc4 Bf5 6.g3 e6 7.Bg2 Nbd7 8.Nc3 Be7
9.O-O O-O 10.Re1 Ne4 11.Qb3 Qb6 12.Nh4 Bxh4 13.gxh4 Nef6 14.e4 Bg6 15.Qxb6 axb6
16.Bf4 b5 17.Bd6 Rfc8 18.b3 Ne8 19.Be7 Rc7 20.Rad1 Bh5 21.Rd2 Ne5 22.Bc5 Ng6
23.a4 bxa4 24.bxa4 Nxh4 25.Rb2 Bf3 26.Bf1 Nf6 27.h3 Rd7 28.Re3 g5 29.Kh2 h6
30.Bc4 Rad8 31.Bb6 Re8 32.a5 Kh8 33.e5 Nd5 34.Nxd5 Bxd5 35.Be2 f6 36.exf6 Rf8
37.Bg4 Rxf6 38.Bc5 Kg7 39.Bh5 Ng6 40.Bxg6 Kxg6 41.Kg1 h5 42.Ba7 Rf4 43.Kf1 g4
44.hxg4 hxg4 45.Rg3 Bf3 46.Ke1 e5 47.Rd2 exd4 48.Rd3 Kf5 49.Kd2 Rd5 50.Rg1 c5
51.Rc1 Be4 52.Ra3 Rxf2+ 53.Ke1 Rc2 54.Rxc2 Bxc2 55.Kd2 Be4 56.Rb3 c4 57.Rxb7 c3+
58.Ke1 d3  0-1

[Event "Subic Open"]
[Site "Subic PHI"]
[Date "2009.05.28"]
[Round "6"]
[White "Nadera,B"]
[Black "Lkhamsuren,U"]
[Result "1-0"]
[WhiteElo "2400"]
[BlackElo "2038"]

1.d4 d5 2.Nf3 Nf6 3.c4 c6 4.Qc2 e6 5.Bg5 Be7 6.e3 Nbd7 7.Nc3 O-O 8.a3 Re8
9.Rd1 Qa5 10.Bd3 dxc4 11.Bxc4 b5 12.Bd3 Bb7 13.O-O a6 14.Ne5 h6 15.Bxf6 Nxf6
16.Ne4 Qc7 17.Rc1 Rac8 18.b4 Nxe4 19.Bxe4 Bd6 20.f4 a5 21.Nd3 Qe7 22.Qb2 Rc7
23.Bf3 f6 24.Nc5 Bc8 25.Bh5 Rd8 26.Rfd1 Rf8 27.Nd3 e5 28.dxe5 fxe5 29.fxe5 Rd7
30.exd6 Qxe3+ 31.Nf2 Rdd8 32.bxa5 Qg5 33.Qb3+ Kh8 34.Bf3 Rxd6 35.Rxd6 Qxc1+
36.Rd1 Qf4 37.Qb4 Qf7 38.Qc5 Bf5 39.a6 Rc8 40.Ne4 Bxe4 41.Bxe4 Qb3 42.Rf1 Qg8
43.a7 Qe8 44.Qf5  1-0

[Event "3rd ENCI Limburg Open"]
[Site "Maastricht NED"]
[Date "2009.05.29"]
[Round "1"]
[White "Bitalzadeh,A"]
[Black "Hilverda,A"]
[Result "1-0"]
[WhiteElo "2417"]
[BlackElo "2197"]

1.d4 d5 2.c4 c6 3.Nf3 Nf6 4.Qb3 Qb6 5.Nc3 Na6 6.c5 Qxb3 7.axb3 b6 8.e4 Nb4
9.Ra4 dxe4 10.Ne5 bxc5 11.dxc5 a5 12.Bd2 Be6 13.Nb5 Nc2+ 14.Kd1 cxb5 15.Bxb5+ Nd7
16.Kxc2 Rc8 17.Be3 f6 18.Nxd7 Bxd7 19.Bxd7+ Kxd7 20.Rd1+ Ke8 21.Rxa5 e5 22.b4 Be7
23.Rd5 Kf7 24.Kb3  1-0

[Event "3rd ENCI Limburg Open"]
[Site "Maastricht NED"]
[Date "2009.05.29"]
[Round "1"]
[White "Arnaudov,P"]
[Black "Wilschut,P"]
[Result "1-0"]
[WhiteElo "2199"]
[BlackElo "2209"]

1.Nf3 Nf6 2.c4 c6 3.d4 d5 4.Qc2 g6 5.Bf4 Bg7 6.e3 Nh5 7.Be5 f6 8.Bxb8 Rxb8
9.cxd5 Qxd5 10.Nc3 Qd6 11.Bc4 Bf5 12.Qe2 Bh6 13.Nd2 Ng7 14.g4 Bd7 15.h4 Ne6
16.Nde4 Qb4 17.O-O-O b5 18.Bb3 Nxd4 19.Rxd4 Qxd4 20.g5 Qe5 21.f4 Qf5 22.Bc2 Qg4
23.gxh6 b4 24.Qxg4 Bxg4 25.Nd1 Bf3 26.Rf1 Bxe4 27.Bxe4 Kf7 28.Nf2 e6 29.Bd3 Rhd8
30.Bc4 Ke7 31.Nd3 c5 32.b3 Rbc8 33.Kb2 a5 34.a4 Rd7 35.Kc2 Rcd8 36.Rf2  1-0

[Event "Copper State Int"]
[Site "Mesa USA"]
[Date "2009.05.29"]
[Round "1"]
[White "Boor,C"]
[Black "Ramirez,Alej"]
[Result "1/2-1/2"]
[WhiteElo "2291"]
[BlackElo "2563"]

1.Nf3 d5 2.d4 Nf6 3.c4 c6 4.Nbd2 Bf5 5.Nh4 e6 6.Nxf5 exf5 7.e3 Bd6 8.Bd3 g6
9.h3 Nbd7 10.Qf3 Qe7 11.g4 f4 12.O-O fxe3 13.Qxe3 dxc4 14.Nxc4 O-O 15.Qxe7 Bxe7
16.Na5 c5 17.Re1 Rfe8 18.g5 Nd5 19.Bb5 N5b6 20.d5 Bd6 21.Bd2 Be5 22.Rab1 Rab8
23.Kg2 a6 24.Bxd7 Nxd7 25.b4 cxb4 26.Rxb4 Nc5 27.Nc6 bxc6 28.Rxe5 cxd5 29.Rxd5 Ne6
30.Ra4 Rb2 31.Be3 Rc2 32.Rda5 Nc7 33.Kg3 Rc3 34.Kg4 Re6 35.Bf4 Re2 36.Bxc7 Rxc7
37.f3 Rg2+ 38.Kf4 Rc3 39.Re4 Rc6 40.Rea4 Rc3 41.Re4  1/2-1/2

[Event "Subic Open"]
[Site "Subic PHI"]
[Date "2009.05.29"]
[Round "7"]
[White "Morazo,J"]
[Black "Olay,E"]
[Result "0-1"]
[WhiteElo "2133"]
[BlackElo "2348"]

1.d4 d5 2.Nf3 c6 3.c4 dxc4 4.a4 Nf6 5.Nc3 g6 6.e3 Be6 7.Ng5 Bd5 8.e4 h6 9.exd5 hxg5
10.Bxg5 cxd5 11.Qf3 Nbd7 12.O-O-O Qa5 13.g4 Ne4 14.Nxe4 dxe4 15.Qe3 Rc8 16.Bg2 c3
17.Bxe4 Qb4 18.Qe2 Qxa4 19.Kb1 cxb2 20.Qxb2 Bg7 21.Rhe1 e6 22.h4 O-O 23.Bc2 Qa5
24.Bd2 Qa6 25.Bb4 Rfd8 26.h5 Nb6 27.hxg6 Nd5 28.gxf7+ Kxf7 29.Bb3 Qb5 30.Bxd5 Rxd5
31.Ba3 Qd7 32.Re4 Rb5 33.Rf4+ Kg8 34.Bb4 Rc4 35.Ba3 Rxb2+ 36.Bxb2 Qa4 37.Rd2 Qb4
38.Rd1 Rc6 39.Re4 a5 40.f3 Qb3  0-1

[Event "3rd ENCI Limburg Open"]
[Site "Maastricht NED"]
[Date "2009.05.30"]
[Round "2"]
[White "Soors,S"]
[Black "Schiffers,S"]
[Result "1-0"]
[WhiteElo "2236"]
[BlackElo "2139"]

1.d4 d5 2.c4 c6 3.Nf3 dxc4 4.e4 Be6 5.Ng5 Qc8 6.Be3 Nf6 7.Nc3 g6 8.Rc1 Na6
9.Nxe6 Qxe6 10.Qa4 Nc7 11.d5 Qd7 12.Bxc4 cxd5 13.Bb5 Nxb5 14.Nxb5  1-0

[Event "Copper State Int"]
[Site "Mesa USA"]
[Date "2009.05.30"]
[Round "3"]
[White "Ginsburg,M"]
[Black "Cardona,L"]
[Result "1-0"]
[WhiteElo "2380"]
[BlackElo "2035"]

1.d4 d5 2.c4 c6 3.Nf3 Nf6 4.Qc2 dxc4 5.Qxc4 Bf5 6.g3 e6 7.Bg2 Nbd7 8.O-O Be7
9.Nc3 O-O 10.Bf4 Rc8 11.Rac1 h6 12.Rfd1 Ne4 13.Ne5 Nxc3 14.Qxc3 Nf6 15.Qb3 g5
16.Qxb7 gxf4 17.Nxc6 Rxc6 18.Rxc6 fxg3 19.hxg3 Be4 20.Bxe4 Nxe4 21.Rc7 Nd6
22.Qc6 Re8 23.d5 e5 24.Rd3 Nf5 25.e3 Kg7 26.Rb3 Bd6 27.Rxa7 Rf8 28.Qd7 Qg5
29.e4 Nd4 30.Qxd6 Qc1+ 31.Kg2 Qg5 32.f4 exf4 33.Qxf4 Qh5 34.g4 Qg6 35.Qe5+ Kh7
36.Qxd4 Qxg4+ 37.Rg3 Qe2+ 38.Qf2 Qxe4+ 39.Qf3 Qc2+ 40.Kh3  1-0

[Event "Doroshkevicha Mem"]
[Site "Belorechensk RUS"]
[Date "2009.05.31"]
[Round "9"]
[White "Vitik,V"]
[Black "Demianjuk,A"]
[Result "1/2-1/2"]
[WhiteElo "2181"]
[BlackElo "2330"]

1.d4 d5 2.c4 c6 3.Nf3 Nf6 4.Qc2 dxc4 5.Qxc4 Bf5 6.g3 e6 7.Bg2 Nbd7 8.O-O Be7
9.Nc3 O-O 10.e3 Ne4 11.Rd1 Nxc3 12.bxc3 Be4 13.Qb3 Qb6 14.Nd2 Bxg2 15.Kxg2 c5
16.Rb1 cxd4 17.cxd4 Qxb3 18.Rxb3 b6 19.Ba3 Bxa3 20.Rxa3 Rfc8 21.Ne4 Kf8 22.Rd2 Ke7
23.Kf3 e5 24.g4 a6 25.Rb3 Rc4 26.Rbd3 Ra7 27.g5 h6 28.h4 hxg5 29.hxg5 b5
30.Ng3 g6 31.Ne4 b4 32.Kg3 a5 33.f3 a4 34.dxe5 Nc5 35.Nd6 Nxd3 36.Nxc4 Nc5
37.Nb6 Rb7 38.Nd5+ Ke6 39.Nf4+ Ke7 40.Rc2 Nd7 41.Nd3 b3 42.axb3 Rxb3 43.Nc5 Nxc5
44.Rxc5 Rxe3 45.Ra5 a3 46.Kf4 Rb3 47.Ke4 Kd7 48.f4 Kc6 49.f5 Rb4+  1/2-1/2

[Event "3rd ENCI Limburg Open"]
[Site "Maastricht NED"]
[Date "2009.06.01"]
[Round "7"]
[White "Arnaudov,P"]
[Black "Hilverda,A"]
[Result "1-0"]
[WhiteElo "2199"]
[BlackElo "2197"]

1.Nf3 d5 2.d4 Nf6 3.c4 c6 4.Qc2 g6 5.Bf4 Bg7 6.e3 Bf5 7.Qb3 Qb6 8.Nc3 dxc4
9.Bxc4 Qxb3 10.Bxb3 Nbd7 11.h3 O-O 12.Ke2 Nb6 13.g4 Be4 14.g5 Bxf3+ 15.Kxf3 Nfd5
16.Bg3 Nxc3 17.bxc3 c5 18.a4 cxd4 19.cxd4 Rfc8 20.a5 Rc3 21.Rhb1 Nd7 22.Ba4 Rd8
23.Rxb7 Nf8 24.Kg2 Ne6 25.h4 Nxd4 26.exd4 Bxd4 27.Rd1  1-0

[Event "59th ch-RUS w HL"]
[Site "Voronezh RUS"]
[Date "2009.06.06"]
[Round "6"]
[White "Zaiatz,E"]
[Black "Tairova,E"]
[Result "1/2-1/2"]
[WhiteElo "2362"]
[BlackElo "2422"]

1.d4 d5 2.c4 c6 3.Nf3 Nf6 4.Qb3 dxc4 5.Qxc4 Bf5 6.g3 e6 7.Bg2 Nbd7 8.Nc3 Be7
9.O-O O-O 10.Re1 Ne4 11.Qb3 Qb6 12.Nh4 Bxh4 13.gxh4 Nef6 14.e4 Bg6 15.Qxb6 axb6
16.Bf4 Rfe8 17.Bg3 b5 18.a3 Nb6 19.Rad1 Nc4 20.Re2 Red8 21.f3 Rd7 22.Bf2 Nh5
23.b3 Rxa3 24.bxc4 Rxc3 25.cxb5 cxb5 26.Re3 Rc2 27.Bf1 b4 28.Rb3 Nf4 29.Bg3 Ne2+
30.Bxe2 Rxe2 31.Rxb4 Bh5 32.Rb3 h6 33.Kf1 Rxe4 34.Rbd3 Bxf3 35.Rxf3 Rexd4
36.Rxd4 Rxd4 37.Rb3 Rd7 38.Rb5 f6 39.h5 Rd5 40.Rxb7 Rxh5 41.Re7 e5 42.Ke2 Kh7
43.Ra7 Rg5 44.Kf3 Rf5+ 45.Ke2 h5 46.Be1 Rf4 47.Bg3 Rg4 48.Kf3 Kg6 49.h3 Rc4
50.Re7 Rc3+ 51.Kg2 Rc5 52.Kf3 Kh6 53.Bf2 Rc3+ 54.Be3+ Kg6 55.Kf2 Rb3 56.Kf3 Rc3
57.Ra7 Rc2 58.Re7 Rh2 59.Kg3 Rc2 60.Kf3 h4 61.Bf2 Rc3+ 62.Kg2 Rc4 63.Kf3 Kh6
64.Rf7 Rf4+ 65.Kg2 g5 66.Be3 Kg6 67.Bxf4 Kxf7 68.Be3 e4 69.Bb6 Kg6 70.Bd8 f5
71.Kf2 Kh5 72.Ke3 g4 73.Bc7 Kg5 74.Bd8+ Kh5 75.Bc7 gxh3 76.Bf4 Kg4 77.Bh2 Kg5
78.Bc7 Kf6 79.Bh2 Ke6 80.Kd4 Kd7 81.Bf4 Kc6 82.Kc4 Kb6 83.Bh2 Ka5 84.Bc7+ Ka4
85.Bd6 h2 86.Bxh2 Ka3 87.Kc3 h3 88.Kd2 Kb3 89.Ke3 Kc3 90.Be5+ Kc2 91.Ke2 Kb3  1/2-1/2

[Event "XLIV Capablanca Memorial Open"]
[Site "Havana CUB"]
[Date "2009.06.08"]
[Round "1"]
[White "Cori T.,D"]
[Black "Blanco,H"]
[Result "0-1"]
[WhiteElo "2262"]
[BlackElo "2440"]

1.d4 d5 2.Nf3 Nf6 3.c4 c6 4.g3 g6 5.Bg2 Bg7 6.O-O O-O 7.Nc3 dxc4 8.Ne5 Ng4
9.Nf3 e5 10.e3 exd4 11.exd4 Be6 12.Bg5 Qa5 13.Re1 Nd7 14.Qd2 Rfe8 15.b4 cxb3
16.axb3 Qb4 17.Ra4 Qb6 18.Ne4 Bf8 19.b4 Bb3 20.Nc5 Bxa4 21.Nxd7 Qxb4 22.Rxe8 Rxe8
23.Qxb4 Bxb4 24.h3 c5 25.Nxc5 Bxc5 26.hxg4 Be7 27.Bf4 Bc6 28.g5 Bf8 29.Ne5 Bxg2
30.Kxg2 Rd8 31.Be3 Bg7 32.f4 Bxe5 33.fxe5 Kf8 34.Kf3 Ke7  0-1

[Event "FSGM June"]
[Site "Budapest HUN"]
[Date "2009.06.10"]
[Round "5"]
[White "Horvath,Cs1"]
[Black "Duong The Anh"]
[Result "1/2-1/2"]
[WhiteElo "2518"]
[BlackElo "2434"]

1.d4 d5 2.c4 c6 3.Nf3 Nf6 4.Qb3 e6 5.Bg5 h6 6.Bxf6 Qxf6 7.Nbd2 Nd7 8.g3 Qd8
9.Bg2 Be7 10.O-O O-O 11.e4 dxe4 12.Nxe4 Nf6 13.Nc3 Qb6 14.Qc2 Rd8 15.a3  1/2-1/2

[Event "1st SCS GM Open"]
[Site "Bhubaneswar IND"]
[Date "2009.06.11"]
[Round "7"]
[White "Islam,Kh"]
[Black "Adhiban,B"]
[Result "1/2-1/2"]
[WhiteElo "2324"]
[BlackElo "2483"]

1.Nf3 d5 2.d4 Nf6 3.c4 c6 4.Qc2 g6 5.Bf4 Na6 6.cxd5 Nb4 7.Qb3 Nbxd5 8.Be5 Bh6
9.e3 O-O 10.Bxf6 exf6 11.Bc4 Nb6 12.Be2 Be6 13.Qd1 Qe7 14.O-O Rfd8 15.Nbd2 f5
16.g3 c5 17.Nb3 cxd4 18.Nbxd4 Nc4 19.Qa4 Nb6 20.Qa5 Bd5 21.Rfd1 Be4 22.Rac1 Nd5
23.Qc5 Qxc5 24.Rxc5 Nxe3 25.fxe3 Bxe3+ 26.Kf1 Bxf3 27.Bxf3 Bxd4 28.Rc7 Bb6
29.Rcd7 Rxd7 30.Rxd7 Rd8 31.Rxd8+ Bxd8 32.Bxb7 h5 33.Kg2 Kg7 34.Kf3 g5 35.b4 Kg6
36.a4 g4+ 37.Kg2 Be7 38.b5 Bd8 39.Bd5 Bc7 40.Bc4 f4 41.gxf4 Bxf4 42.a5 Bc7
43.b6 axb6 44.axb6 Bxb6 45.h3 f5 46.hxg4 hxg4 47.Be6 Kg5 48.Bc8 f4 49.Bb7 Ba5
50.Bc6 Bc7 51.Bb7 Bd8 52.Bc6 Kh5 53.Be8+ Kh4 54.Bc6 Ba5 55.Bb7 Kg5 56.Bc6 Be1
57.Bb7 Bh4 58.Bc6 Kf6 59.Bb7 Ke5 60.Bc6 Kd4 61.Bd7 f3+ 62.Kf1 g3 63.Bh3 Ke3  1/2-1/2

[Event "Open"]
[Site "Teplice CZE"]
[Date "2009.06.13"]
[Round "1"]
[White "Balin,J"]
[Black "Steinhauserova,A"]
[Result "1-0"]
[WhiteElo "2287"]
[BlackElo "1815"]

1.d4 d5 2.c4 c6 3.Nf3 Nf6 4.g3 Bf5 5.Bg2 e6 6.O-O Bd6 7.Nc3 Nbd7 8.Nh4 Bg6
9.Nxg6 hxg6 10.Bg5 Qc7 11.Rc1 dxc4 12.e4 e5 13.Bxf6 gxf6 14.d5 Nc5 15.dxc6 bxc6
16.Na4 O-O 17.Rxc4 Ne6 18.Kh1 Rfd8 19.Qg4 Kg7 20.b3 Rab8 21.Rfc1 c5 22.b4 Rdc8
23.Bh3 Qe7 24.Kg1 Rc7 25.b5 Qe8 26.Nc3 Nd4 27.Nd5 Rcb7 28.a4 Ra8 29.Ne3 Kf8
30.Kh1 Qd8 31.f4 Qe8 32.Qh4 Kg7 33.Ng4 Qe7 34.Qh6+ Kg8 35.f5  1-0

[Event "Open"]
[Site "Varna BUL"]
[Date "2009.06.13"]
[Round "2"]
[White "Kazimova,N"]
[Black "Komarov,Di"]
[Result "0-1"]
[WhiteElo "2211"]
[BlackElo "2530"]

1.Nf3 d5 2.d4 c6 3.c4 dxc4 4.e3 Be6 5.Qc2 b5 6.a4 Nf6 7.Ng5 Bd7 8.axb5 cxb5
9.b3 h6 10.Nf3 cxb3 11.Qxb3 a6 12.Nc3 Nc6 13.d5 Na5 14.Qa3 e6 15.d6 Rc8 16.Bd2 Nc6
17.Qb2 b4 18.Na4 a5 19.Ba6 Rb8 20.Rd1 Bxd6 21.e4 Qc7 22.Be3 e5 23.Bb6 Rxb6
24.Nxb6 Qxb6 25.Rxd6 Qc5 26.Rd1 Nxe4 27.O-O Nc3 28.Rd2 Be6 29.Bb7 Nd4 30.Re1 Nxf3+
31.Bxf3 O-O 32.h3 a4 33.Re3 a3 34.Qa1 Rc8 35.Bb7 Rb8 36.Bf3 b3 37.Rxc3 b2
38.Rxb2 axb2 39.Qxb2 Qa7 40.Ra3 Rxb2 41.Rxa7 Rb1+ 42.Kh2 Re1 43.Ra4 Kf8 44.Kg3 f5
45.Bc6 Ke7 46.Ra7+ Kf6 47.Ra6 Rd1 48.Bb5 Rd4 49.Kf3 g5 50.Ba4 Ke7 51.Ra7+ Kf6
52.Ra6 e4+ 53.Ke2 Ke5 54.Ra5+ Rd5 55.Rxd5+ Bxd5 56.Bd7 f4 57.g3 Be6 58.Bxe6 Kxe6
59.Kd2 Ke5 60.Ke2 fxg3 61.fxg3 h5 62.Ke3 Kd5 63.Kd2 Kd4 64.Ke2 e3 65.Kf3 Kd3  0-1

[Event "13th Master Open"]
[Site "Voronezh RUS"]
[Date "2009.06.13"]
[Round "2"]
[White "Agaragimov,D"]
[Black "Tarasova,Viktoriy"]
[Result "1/2-1/2"]
[WhiteElo "2370"]
[BlackElo "2292"]

1.Nf3 d5 2.d4 Nf6 3.c4 c6 4.Qc2 dxc4 5.Qxc4 Bg4 6.Nc3 Nbd7 7.Ng5 e6 8.h3 Bh5
9.g4 Bg6 10.Nf3 Ne4 11.Bg2 Be7 12.Qb3 Qc7 13.Nd2 Nxc3 14.bxc3 h5 15.Ba3  1/2-1/2

[Event "XXVII Open A"]
[Site "Balatonlelle HUN"]
[Date "2009.06.14"]
[Round "2"]
[White "Prohaszka,P2"]
[Black "Horvath,Kal"]
[Result "1-0"]
[WhiteElo "2511"]
[BlackElo "2161"]

1.d4 d5 2.Nf3 c6 3.c4 dxc4 4.g3 Nf6 5.Bg2 g6 6.O-O Na6 7.Nbd2 Bg7 8.Nxc4 O-O
9.b3 Nc7 10.Bb2 Ne6 11.Qd3 Rb8 12.Rfd1 Bd7 13.Rac1 Bh6 14.e3 Nc7 15.Nfe5 Bf5
16.Qe2 Qc8 17.Nd2 Bh3 18.Bh1 Ng4 19.Nxg4 Bxg4 20.Bf3 Bxf3 21.Nxf3 Qg4 22.Rc2 Rbd8
23.Ne5 Qxe2 24.Rxe2 f6 25.Nd3 Ne6 26.Ba3 Kf7 27.Kg2 Rd7 28.f4 Rfd8 29.Rc2 Rd5
30.Rdc1 a5 31.Bc5 Bf8 32.Kf3 Ke8 33.Rc4 Ra8 34.a4 Kf7 35.R4c3 Ra6 36.Ba3 Ra8
37.Nb2 Ra6 38.Nd3 Ra8 39.Nf2 Ra6 40.Ne4 Ra8 41.Nd2 Ra6 42.Ke2 Ke8 43.Rd3 Kf7
44.Nc4 Rd8 45.Bb2 Rd7 46.Bc3 b6 47.Bd2 Rd5 48.Bc3 c5 49.dxc5 Rxd3 50.Kxd3 Nxc5+
51.Kc2 Nd7 52.Rd1 Ke8 53.e4 Ra7 54.Bd4 Rc7 55.e5 fxe5 56.Bxe5 Rc6 57.Bc3 e6
58.g4 Bc5 59.Rd3 Rc7 60.Kb2 Be7 61.Rh3 Nf8 62.Nxb6 Bb4 63.Nc4 Bxc3+ 64.Rxc3 Ra7
65.Re3 Kd8 66.Re5 Rf7 67.Re4 Ra7 68.Kc3 h6 69.h3 g5 70.fxg5 hxg5 71.Re5 Rh7
72.Rxg5 Rxh3+ 73.Kb2 Nd7 74.Rxa5 Kc7 75.Rb5 Rg3 76.g5 e5 77.Nxe5 Rxg5 78.Nxd7 Rg2+
79.Ka3 Kxd7 80.Rc5 Kd6 81.Rc4 Rg8 82.Kb4 Ra8 83.a5 Rb8+ 84.Ka4 Kd5 85.Rc1 Kd6
86.b4 Rh8 87.a6 Rh2 88.Ka5 Rh5+ 89.b5 Rh2 90.Kb6 Kd5 91.a7 Rh6+ 92.Rc6 Rh8
93.Kb7 Rh7+ 94.Rc7 Rh8 95.a8=Q Rxa8 96.Kxa8 Kd6 97.b6 Ke6 98.b7 Kd6 99.b8=Q Kd5
100.Qd8+ Ke5 101.Re7+ Kf6 102.Qf8+ Kg6 103.Rg7+ Kh6 104.Qh8+  1-0

[Event "13th FIDE Open"]
[Site "Voronezh RUS"]
[Date "2009.06.16"]
[Round "5"]
[White "Likhoman,M"]
[Black "Ioffe,E"]
[Result "1/2-1/2"]
[WhiteElo "2184"]
[BlackElo "2079"]

1.d4 d5 2.Nf3 Nf6 3.c4 c6 4.Nbd2 Bf5 5.g3 e6 6.Bg2 Nbd7 7.O-O h6 8.b3 Be7
9.Bb2 O-O 10.Ne5 Nxe5 11.dxe5 Nd7 12.e4 dxe4 13.Nxe4 Bxe4 14.Bxe4 Nc5 15.Bc2 Qxd1
16.Raxd1 a5 17.f4 Rfd8 18.Kf2 h5 19.Bc3 Rxd1 20.Rxd1 Kf8 21.Ke3 g6 22.h3 b6
23.g4  1/2-1/2